| 000 | 00689nam a2200241Ia 4500 | ||
|---|---|---|---|
| 003 | OSt | ||
| 005 | 20221005033601.0 | ||
| 006 | a|||||r|||| 00| 0 | ||
| 007 | ta | ||
| 008 | 221004b |||||||| |||| 00| 0 eng d | ||
| 024 | _a70461 | ||
| 037 | _cTextual | ||
| 040 |
_aCRL _cCRL _beng |
||
| 041 |
_2eng _aeng |
||
| 082 | _aY592.212' N5, N4 | ||
| 100 |
_aMenon Dilip M _9271562 |
||
| 245 | 0 |
_aCaste, nationalism and communism in South India _b Malabar 1900-1948 |
|
| 260 |
_aDelhi _bCambridge University Press India _c1994 |
||
| 300 |
_axv, 212p _ccm. |
||
| 650 | _aSOCIOLOGY | ||
| 942 |
_hY592.212' N5, N4 _cTEXL _2cc |
||
| 999 |
_c941751 _d941751 |
||